000 00737cam a22002172i 4500
001 CIP113001917
003 YEEZEN
005 20250701153023.0
008 240202s2024 ch e 000 0 chi d
020 _a9786267438213
_q(平裝) :
_cNT$300
040 _aCIP
_bchi
_cCIP
042 _anbic
084 _a410.1619
_2ncsclt
090 _a410.1619
245 1 0 _a醫學倫理實務. 第4輯
_c陶宏洋, 陳如意, 陳建良, 李聖玉, 唐逸文, 張素玉, 戴瑞芬, 楊淑雅, 陳菁菁, 廖美珍, 孫國清, 高志翔, 黃資雅, 張人尹著; 陳垚生主編
260 _a高雄市 :
_b高雄榮總,
_c2024.04
300 _a面 ;
_c公分
650 7 _2lcstt
_a醫學倫理
650 7 _2lcstt
_a倫理教育
942 _2ccl
_cBOOK
999 _c7645
_d7645